banner koha

Grupos florísticos e espécies discriminantes em povoamento de Araucaria angustifolia e uma floresta ombrófila mista (Registro n. 230207)

MARC details
000 -LÍDER
campo de controle de tamanho fixo 01202nas a2200337 4500
001 - NÚMERO DE CONTROLE
campo de controle BR2013005988
003 - IDENTIFICADOR DO NÚMERO DE CONTROLE
campo de controle BR-BrBNA
005 - DATA E HORÁRIO DA ÚLTIMA TRANSAÇÃO
campo de controle 20231205122727.0
007 - CAMPO FIXO DE DESCRIÇÃO FÍSICA--INFORMAÇÃO GERAL
campo de controle de tamanho fixo ta
008 - CAMPO DE DADOS FIXOS--INFORMAÇÃO GERAL
campo de controle de tamanho fixo 230509b bl.|||p| |||| 00| 00por d
040 ## - FONTE DA CATALOGAÇÃO
Instituição da catalogação original BR-BrBNA
Idioma da catalogação por
Instituição que transcreveu o registro Biblioteca Nacional de Agricultura
041 ## - CÓDIGO DE IDIOMA
Código do idioma do texto/trilha sonora ou título diferente (Pt)
072 ## - CÓDIGO DE CATEGORIA DE ASSUNTO
Código de Categoria de Assunto K10
100 1# - ENTRADA PRINCIPAL--NOME PESSOAL
Nome pessoal Rode, R.
100 1# - ENTRADA PRINCIPAL--NOME PESSOAL
Nome pessoal Figueiredo Filho, A.
100 1# - ENTRADA PRINCIPAL--NOME PESSOAL
Nome pessoal Machado, S. do A.
100 1# - ENTRADA PRINCIPAL--NOME PESSOAL
Nome pessoal Galvão, F.
245 1# - TÍTULO
Título Grupos florísticos e espécies discriminantes em povoamento de Araucaria angustifolia e uma floresta ombrófila mista
246 1# - FORMA VARIANTE DO TÍTULO
Título/título abreviado Floristic groups and discriminant species in stands with Araucaria angustifolia and a mixed ombrophylous forest
650 ## - ASSUNTO--TERMO TÓPICO
Cabeçalho tópico ou nome geográfico ARAUCARIA ANGUSTIFOLIA
650 ## - ASSUNTO--TERMO TÓPICO
Cabeçalho tópico ou nome geográfico PINHEIRO-DO-PARANÁ
650 ## - ASSUNTO--TERMO TÓPICO
Cabeçalho tópico ou nome geográfico FLORESTA
650 ## - ASSUNTO--TERMO TÓPICO
Cabeçalho tópico ou nome geográfico COMPOSIÇÃO BOTÂNICA
650 ## - ASSUNTO--TERMO TÓPICO
Cabeçalho tópico ou nome geográfico LEVANTAMENTO
650 ## - ASSUNTO--TERMO TÓPICO
Cabeçalho tópico ou nome geográfico POPULAÇÃO
650 ## - ASSUNTO--TERMO TÓPICO
Cabeçalho tópico ou nome geográfico MÉTODO ESTATÍSTICO<br/>
773 0# - ENTRADA ANALÍTICA
Título Revista Árvore (Brazil)
ISSN - International Standard Serial Number ISSN 0100-6762<br/>
Partes relacionadas (Mar-Apr 2011), v. 35(2) p. 319-327
Número de controle do registro BR2013005988
856 4# - LOCALIZAÇÃO ELETRÔNICA E ACESSO
Uniform Resource Identifier <a href="http://www.scielo.br/pdf/rarv/v35n2/a16v35n2.pdf">http://www.scielo.br/pdf/rarv/v35n2/a16v35n2.pdf</a>
Texto de ligação Recurso eletrônico (PDF)
909 ## -
-- 202311
-- Lúcia
-- 55
-- Lúcia Elande
942 ## - ELEMENTOS DE ENTRADA ADICIONADOS (KOHA)
Fonte da classificação ou esquema de arquivamento na estante Classificação AGRIS
Ocultar no OPAC Não
Tipo de material Koha Analítica
Exemplares
Situação do descarte Fonte da classificação ou esquema de arquivamento na estante Situação física Não pode ser emprestado Biblioteca de origem Biblioteca atual Localização na estante Enumeração do periódico / cronologia Total de empréstimos Data de último acesso Número do exemplar Tipo de material Koha Fonte de aquisição
  Classificação AGRIS   Consulta local Biblioteca Nacional de Agricultura - Binagri Biblioteca Nacional de Agricultura - Binagri   (Mar-Apr 2011), v. 35(2) p. 319-327   29/11/2023 01 Periódicos Portaria Interministerial nº 164/94

BINAGRI

Telefone: (61)3218-2567/2388/3357/2097 - binagri@agro.gov.br

Ministério da Agricultura e Pecuária , Esplanada dos Ministérios, Bloco D, Anexo B, Brasília/DF, CEP: 70.043-900